000 00437nam a2200169 a 4500
001 0000-9145
003 ELIB.Books
008 110520 1962
035 _a(ELIB.Books)0000-9297
082 _a268.435
_bFie
100 _aFields, W.J.
245 _aUnity in Marriage
260 _bSaint Louis; Concordia Publishing house
_c1962
650 _aChristian Education
942 _2ddc
_cBK
998 _cbat
_e2011-05-20
999 _c9145
_d9145